[Event "34th Chess Olympiad (men)"]
[Site "Istanbul"]
[Date "2000.11.10"]
[Round "13.60.2"]
[White "Minani, Froduald"]
[Black "Austin, Dirk"]
[WhiteElo "2000"]
[BlackElo "2000"]
[WhiteCountry "RWA"]
[BlackCountry "BAR"]
[Result "0-1"]

1. e4 c5 2. Nc3 Nc6 3. Nf3 e6 4. Bb5 Nd4 5. Bc4 Qc7 6. Nxd4 cxd4 7. Qe2 dxc3 
8. dxc3 Bc5 9. O-O a6 10. a4 Ne7 11. Bd3 Ng6 12. g3 O-O 13. Kh1 b6 14. f3 Bb7 
15. c4 Rae8 16. Qg2 d5 17. cxd5 Bxd5 18. Be2 Qb7 19. Bd2 Bd4 20. b4 Bf6 
21. c3 Ne5 22. Ra3 Nd3 23. Bd1 Nb2 24. Ra1 Nxd1 25. Be1 Bc4 26. Kg1 Bxf1 
27. Kxf1 Qd5 28. Qf2 Qd3+ 29. Kg1 g6 30. Qf1 b5 31. f4 
0-1

[Event "34th Chess Olympiad (men)"]
[Site "Istanbul"]
[Date "2000.11.10"]
[Round "13.60.3"]
[White "Taitt, Junior"]
[Black "Mutabazi, Fidele"]
[WhiteElo "2000"]
[BlackElo "2000"]
[WhiteCountry "BAR"]
[BlackCountry "RWA"]
[Result "1-0"]

1. d4 Nf6 2. c4 b6 3. Nc3 Bb7 4. Qc2 d5 5. Bg5 Nbd7 6. Nf3 g6 7. cxd5 Nxd5 
8. Nxd5 Bxd5 9. e4 Bb7 10. Bc4 Bg7 11. h4 Nf6 12. Bb5+ Nd7 13. h5 a6 
14. Bc6 Qc8 15. h6 Bf8 16. Ne5 Bxc6 17. Qxc6 Ra7 18. Nc4 Qb7 19. Ne5 Qc8 
20. Rc1 f6 21. Bxf6 exf6 22. Qe6+ Be7 23. Qf7+ 
1-0

[Event "34th Chess Olympiad (men)"]
[Site "Istanbul"]
[Date "2000.11.10"]
[Round "13.60.4"]
[White "Uwihoreye, Charles"]
[Black "Pryce, Olaudah"]
[WhiteElo "2000"]
[BlackElo "2000"]
[WhiteCountry "RWA"]
[BlackCountry "BAR"]
[Result "0-1"]

1. e4 c5 2. c4 Nc6 3. Nf3 d6 4. Nc3 Nf6 5. h3 e6 6. d3 Be7 7. Be3 a6 8. Be2 Qc7 
9. Qd2 Bd7 10. a3 Na5 11. Bd1 Nc6 12. O-O O-O 13. Nh2 Nd4 14. Bxd4 cxd4 
15. Na2 Rac8 16. f4 b5 17. Rc1 Qb8 18. b4 e5 19. f5 h6 20. g4 Nh7 21. Nf3 Ng5 
22. Qg2 Nxf3+ 23. Rxf3 Bg5 24. Rc2 bxc4 25. dxc4 Ba4 26. h4 Bxc2 27. Qxc2 Bxh4 
28. Rb3 Qb6 29. Qd3 Qc6 30. Be2 g6 31. b5 axb5 32. Rxb5 gxf5 33. gxf5 Qd7 
34. Qh3 Qe7 35. Nb4 Kh7 36. Nd5 Qg5+ 37. Qg2 Qc1+ 38. Bf1 Rg8 39. Rb2 Qxb2 
0-1

[Event "34th Chess Olympiad (men)"]
[Site "Istanbul"]
[Date "2000.11.10"]
[Round "13.61.1"]
[White "Battin, Richard"]
[Black "Luga, Allan"]
[WhiteElo "2020"]
[BlackElo "2000"]
[WhiteCountry "SEY"]
[BlackCountry "PNG"]
[Result "1/2-1/2"]

1. e4 e5 2. Bc4 Nf6 3. Nc3 Bb4 4. d3 O-O 5. Bg5 h6 6. Bh4 d6 7. h3 Nbd7 
8. Nf3 Qe8 9. O-O a6 10. Nd5 Nxd5 11. Bxd5 c6 12. Bb3 Nc5 13. Nh2 Nxb3 
14. axb3 f5 15. exf5 Bxf5 16. Ng4 Qg6 17. Kh2 Rad8 18. f3 Rf7 19. Be1 Bc5 
20. Bf2 Bxg4 21. hxg4 Bxf2 22. Rxf2 Qg5 23. Qd2 Qh4+ 24. Kg1 Rf4 25. Ra4 Rdf8 
26. Rxf4 Rxf4 27. Rf1 h5 28. gxh5 Qxh5 29. g4 Qg5 30. Qg2 Qh4 31. Qh2 Qxh2+ 
32. Kxh2 g5 33. Kg3 Kf7 34. Rh1 Kg7 
1/2-1/2

[Event "34th Chess Olympiad (men)"]
[Site "Istanbul"]
[Date "2000.11.10"]
[Round "13.61.2"]
[White "Press, Shaun"]
[Black "Renaud, Kenny"]
[WhiteElo "2000"]
[BlackElo "2000"]
[WhiteCountry "PNG"]
[BlackCountry "SEY"]
[Result "0-1"]

1. e4 c5 2. Nc3 Nc6 3. f4 e6 4. Nf3 d6 5. Bc4 Nf6 6. d3 Be7 7. O-O a6 
8. Qe1 Qc7 9. Qg3 Rg8 10. f5 Na5 11. fxe6 fxe6 12. Bb3 Nxb3 13. axb3 Bd7 
14. Be3 O-O-O 15. h3 h6 16. Qf2 g5 17. Nd2 g4 18. Kh1 gxh3 19. gxh3 Nh5 
20. Rg1 d5 21. exd5 Ng3+ 22. Rxg3 Rxg3 23. Bf4 Rxh3+ 24. Kg2 e5 25. Bg3 Rg8 
26. Nde4 h5 27. Qf7 Qd8 28. d6 Bh4 29. Nd5 Rhxg3+ 30. Nxg3 Rxg3+ 31. Kf1 Bh3+ 
32. Ke2 Rg2+ 
0-1

[Event "34th Chess Olympiad (men)"]
[Site "Istanbul"]
[Date "2000.11.10"]
[Round "13.61.3"]
[White "Kimende, Ralph"]
[Black "Albis, Jeppers"]
[WhiteElo "2202"]
[BlackElo "2000"]
[WhiteCountry "SEY"]
[BlackCountry "PNG"]
[Result "1-0"]

1. e4 c5 2. Nc3 Nc6 3. f4 d6 4. Nf3 Bg4 5. Bc4 Bxf3 6. Qxf3 e6 7. O-O Qd7 
8. d3 O-O-O 9. Bb5 Nge7 10. Rb1 Qc7 11. Be3 g6 12. Ne2 Bg7 13. c3 f5 
14. Rfc1 e5 15. b4 b6 16. a4 d5 17. bxc5 d4 18. cxb6 axb6 19. cxd4 exd4 
20. Bxc6 Nxc6 21. exf5 Rd6 22. Bxd4 Bxd4+ 23. Nxd4 Kd7 24. Nxc6 Rxc6 
25. Qd5+ Qd6 26. Qf7+ Kd8 27. Qb7 Rc3 28. Qa8+ Kd7 29. Qb7+ Kd8 30. Rxc3 Qd4+ 
31. Kh1 Qxc3 32. Qxb6+ Kd7 33. Qe6+ Kc7 34. Qe5+ Qxe5 35. fxe5 gxf5 
36. Rc1+ Kd7 37. Kg1 Ke6 38. Kf2 Kxe5 39. Rc5+ Kd4 40. Rxf5 Kxd3 41. Kf3 Ra8 
42. a5 Ra6 43. h4 Kd4 44. g4 Re6 45. Kf4 Rg6 46. h5 Ra6 47. g5 Re6 48. Rf7 Re4+ 
49. Kf5 Re5+ 50. Kf6 Rxa5 51. Rxh7 Ra6+ 52. Kf5 Ra5+ 53. Kf4 Kd5 54. Re7 Kd6 
55. Re4 Ra1 56. g6 Rg1 57. Kf5 Rf1+ 58. Kg5 Kd5 59. Re2 Rf3 60. g7 Kd6 
61. Kh6 Rg3 62. Kh7 
1-0

[Event "34th Chess Olympiad (men)"]
[Site "Istanbul"]
[Date "2000.11.10"]
[Round "13.61.4"]
[White "Marko, Helmut"]
[Black "Pothin, Victor"]
[WhiteElo "2205"]
[BlackElo "2000"]
[WhiteCountry "PNG"]
[BlackCountry "SEY"]
[Result "0-1"]

1. e4 c5 2. c3 Nc6 3. d4 cxd4 4. cxd4 e5 5. Nf3 Bb4+ 6. Nc3 exd4 7. Nxd4 Qa5 
8. Ndb5 Nf6 9. Bd2 a6 10. a3 axb5 11. Rc1 Be7 12. Nxb5 Qd8 13. e5 Nd5 
14. Qf3 Nc7 15. Nd6+ Bxd6 16. exd6 Ne6 17. Bc3 O-O 18. Bc4 Ned4 19. Qg4 Re8+ 
20. Kf1 Qf6 21. Rd1 Qf5 22. Rxd4 Nxd4 23. Qd1 Qc2 24. Qxc2 Nxc2 25. Bb3 Nxa3 
26. g3 Nb5 27. Bb4 Ra1+ 28. Kg2 Rxh1 29. Kxh1 Re2 30. Bc5 Rxb2 31. Bd5 Nxd6 
32. Bf3 Nc4 33. Kg2 b5 34. Bd4 Rc2 35. Bd5 Rc1 36. Bc5 d6 37. Bb4 Be6 
0-1

[Event "34th Chess Olympiad (men)"]
[Site "Istanbul"]
[Date "2000.11.10"]
[Round "13.62.1"]
[White "Rowe, Peter"]
[Black "Hawes, Jonathan"]
[WhiteElo "2092"]
[BlackElo "2113"]
[WhiteCountry "GCI"]
[BlackCountry "JCI"]
[Result "1/2-1/2"]

1. e4 g6 2. d4 d6 3. Nc3 c6 4. Bg5 Nd7 5. Qd2 Qc7 6. Nf3 Bg7 7. Be2 b5 
8. O-O Ngf6 9. a3 a6 10. Rfe1 e5 11. dxe5 dxe5 12. Rad1 h6 13. Bh4 Bb7 
14. Qd6 Qxd6 15. Rxd6 g5 16. Bg3 Nh5 17. Nxe5 Nxg3 18. Nxd7 Nxe2+ 
19. Rxe2 O-O-O 20. Red2 Kc7 21. R2d3 Bc8 22. Nc5 Bxc3 23. bxc3 
1/2-1/2

[Event "34th Chess Olympiad (men)"]
[Site "Istanbul"]
[Date "2000.11.10"]
[Round "13.62.2"]
[White "Khan, Mohammed"]
[Black "Cutter, Paul"]
[WhiteElo "2197"]
[BlackElo "2122"]
[WhiteCountry "JCI"]
[BlackCountry "GCI"]
[Result "1-0"]

1. c4 e5 2. g3 d6 3. Bg2 f5 4. d3 Nf6 5. Nc3 Be7 6. Nf3 O-O 7. O-O Kh8 
8. b4 Qe8 9. Rb1 Qh5 10. Bg5 h6 11. Bxf6 Bxf6 12. Nd5 Bd8 13. Ne1 c6 14. Nc3 f4 
15. Ne4 Qg6 16. c5 d5 17. Nd6 Nd7 18. Bh3 Qh5 19. Kg2 Nb6 20. Nxc8 Nxc8 
21. e3 Qxd1 22. Rxd1 fxe3 23. fxe3 Rxf1 24. Kxf1 Bg5 25. e4 Ne7 26. Nf3 Rf8 
27. Ke2 Bf6 28. Rf1 dxe4 29. dxe4 Rd8 30. Rd1 Rxd1 31. Kxd1 b6 32. Kc2 Kg8 
33. Nd2 b5 34. Nb3 Bg5 35. Na5 Be3 36. Bd7 Bg1 37. h3 Bf2 38. g4 Ng6 
39. Nxc6 Nf4 40. Nxa7 Kf7 41. c6 Bb6 42. Nxb5 Ke7 43. Nc3 Kd8 44. Nd5 Nxd5 
45. exd5 e4 46. d6 Bd4 47. Be6 
1-0

[Event "34th Chess Olympiad (men)"]
[Site "Istanbul"]
[Date "2000.11.10"]
[Round "13.62.3"]
[White "Cummins, John"]
[Black "Boxal, Graham"]
[WhiteElo "2000"]
[BlackElo "2000"]
[WhiteCountry "GCI"]
[BlackCountry "JCI"]
[Result "0-1"]

1. e4 d6 2. d4 Nf6 3. Nc3 g6 4. Bg5 Bg7 5. Qd2 h6 6. Be3 Ng4 7. Bc4 Nxe3 
8. Qxe3 O-O 9. Nge2 e5 10. dxe5 dxe5 11. Rd1 Nd7 12. O-O c6 13. Rd6 Kh7 
14. Rfd1 Qe7 15. a3 Nf6 16. f3 Ne8 17. Rd8 Nc7 18. Rxf8 Bxf8 19. Qd3 Ne6 
20. Ba2 Bg7 21. Kh1 Bf8 22. Nb1 a5 23. Nbc3 h5 24. Na4 Ra6 25. Bxe6 Bxe6 
26. Qc3 b5 27. Qxe5 bxa4 28. Qb8 Bg7 29. Nf4 Bc4 30. Qc8 Qf6 31. g3 g5 
32. b3 axb3 33. cxb3 Bxb3 34. Qxa6 Bxd1 35. Qd3 Qd4 36. Qxd4 Bxf3+ 37. Ng2 Bxd4 
38. h3 Bxe4 
0-1

[Event "34th Chess Olympiad (men)"]
[Site "Istanbul"]
[Date "2000.11.10"]
[Round "13.62.4"]
[White "Hill, Christopher"]
[Black "Wilson, Peter"]
[WhiteElo "2000"]
[BlackElo "2000"]
[WhiteCountry "JCI"]
[BlackCountry "GCI"]
[Result "1/2-1/2"]

1. e4 e6 2. d4 b6 3. Nf3 Bb7 4. e5 d6 5. exd6 Bxd6 6. Bd3 Nf6 7. c3 O-O 
8. Bg5 h6 9. Bxf6 Qxf6 10. Nbd2 Nd7 11. Qa4 c6 12. Ne4 Qe7 13. Nxd6 Qxd6 
14. Qc2 c5 15. O-O-O Qf4+ 
1/2-1/2

[Event "34th Chess Olympiad (men)"]
[Site "Istanbul"]
[Date "2000.11.10"]
[Round "13.63.1"]
[White "Sosa, Luis"]
[Black "Krylov, Sergey"]
[WhiteElo "2166"]
[BlackElo "2344"]
[WhiteCountry "PUR"]
[BlackCountry "IBSA"]
[Result "1-0"]

1. d4 Nf6 2. Nf3 g6 3. Nc3 Bg7 4. e4 d6 5. Be3 a6 6. Qd2 b5 7. Bd3 Bb7 
8. a3 Ng4 9. Bg5 h6 10. Bh4 c5 11. d5 Nd7 12. h3 Nge5 13. Nxe5 Nxe5 14. Be2 g5 
15. Bg3 Ng6 16. Bh5 Qa5 17. O-O O-O 18. f4 gxf4 19. Bxf4 Nxf4 20. Rxf4 b4 
21. Ne2 Qb6 22. c3 bxa3 23. bxa3 c4+ 24. Kh1 e5 25. Rf3 f5 26. exf5 Qc5 
27. Rd1 Bc8 28. Ng3 Qxa3 29. f6 Rxf6 30. Rxf6 Bxf6 31. Qxh6 Bg7 32. Bf7+ Kxf7 
33. Qh7 Ke7 34. Qxg7+ Kd8 35. Rf1 Bd7 36. Rf8+ Be8 37. Qb7 
1-0

[Event "34th Chess Olympiad (men)"]
[Site "Istanbul"]
[Date "2000.11.10"]
[Round "13.63.2"]
[White "Berlinsky, Vladimir"]
[Black "Santa, Torres Juan"]
[WhiteElo "2352"]
[BlackElo "2226"]
[WhiteCountry "IBSA"]
[BlackCountry "PUR"]
[Result "1-0"]

1. e4 c5 2. Nf3 e6 3. d4 cxd4 4. Nxd4 a6 5. Be2 Qc7 6. O-O Nf6 7. Nc3 b5 
8. Bf3 Bb7 9. e5 Ng8 10. Re1 Nc6 11. Bf4 Nxd4 12. Bxb7 Qxb7 13. Qxd4 Ne7 
14. Ne4 Nf5 15. Qd3 h5 16. Bg5 Rc8 17. Rad1 Rc6 18. c3 d5 19. exd6 Nxd6 20. Bf4 
1-0

[Event "34th Chess Olympiad (men)"]
[Site "Istanbul"]
[Date "2000.11.10"]
[Round "13.63.3"]
[White "Santa, Luis A"]
[Black "Wassin, Sergey"]
[WhiteElo "2201"]
[BlackElo "2305"]
[WhiteCountry "PUR"]
[BlackCountry "IBSA"]
[Result "0-1"]

1. d4 Nf6 2. c4 c5 3. d5 b5 4. cxb5 a6 5. Nc3 axb5 6. e4 b4 7. Nb5 d6 8. Bf4 g5 
9. Bxg5 Nxe4 10. Bf4 Bg7 11. Qe2 Nf6 12. Nxd6+ Kf8 13. Nxc8 Qxc8 14. Qf3 Nfd7 
15. Bb5 Ra5 16. Bc6 c4 17. Ne2 Nb6 18. d6 e6 19. O-O N6d7 20. Bxd7 Qxd7 
21. Qe4 Bxb2 22. Bh6+ Ke8 23. Rab1 Be5 24. Rxb4 Bxh2+ 25. Kxh2 Qxd6+ 
26. Qf4 Qxb4 27. Bg7 Nd7 28. Qh6 Rg8 29. Qxh7 Qb8+ 30. f4 Ke7 31. Be5 Qa8 
32. Ng3 Rxa2 33. Qh4+ Ke8 
0-1

[Event "34th Chess Olympiad (men)"]
[Site "Istanbul"]
[Date "2000.11.10"]
[Round "13.63.4"]
[White "Enjuto Velasco, Roberto"]
[Black "Bermudez, Adams William"]
[WhiteElo "2172"]
[BlackElo "2125"]
[WhiteCountry "IBSA"]
[BlackCountry "PUR"]
[Result "0-1"]

1. e4 c5 2. Nf3 d6 3. d4 cxd4 4. Nxd4 Nf6 5. Nc3 g6 6. Be3 Bg7 7. f3 O-O 
8. Qd2 Nc6 9. Bc4 Nd7 10. Nxc6 bxc6 11. O-O-O Ne5 12. Bb3 Be6 13. Bh6 Qa5 
14. Kb1 Rfb8 15. Nd5 Qd8 16. Bxg7 Kxg7 17. Ne3 a5 18. f4 Nd7 19. f5 Bxb3 
20. cxb3 Rb4 21. Nc4 Qb8 22. fxg6 hxg6 23. h4 f6 24. g4 a4 25. Qc3 Qb5 
26. Rc1 Nc5 27. Rhe1 Ra7 28. g5 d5 29. exd5 cxd5 30. gxf6+ exf6 31. Nd6 Qd3+ 
32. Qxd3 Nxd3 33. Nc8 Rd7 34. bxa4 Nxe1 35. Rxe1 d4 36. a3 Rb8 37. Ne7 d3 
38. Nc6 d2 39. Rd1 Re8 40. Nb4 f5 41. Kc2 Rc8+ 42. Kb1 f4 
0-1